000
00290nam a2200109Ia 4500
008
190912s9999||||xx |||||||||||||| ||und||
100
_a
Manzooruddin Ahmed
245
0
_a
Islamic Political System In The Modern Age Theory
260
_a
Karachi
_b
Education
_c
1991
300
_a
358
942
_c
BK
999
_c
7671
_d
7671